| 000 | 00570nam a22002057a 4500 | ||
|---|---|---|---|
| 003 | BUBTL | ||
| 008 | 221215b ||||| |||| 00| 0 eng d | ||
| 020 | _a9780333912706 | ||
| 082 | _a822.3/ W391d/ 1980 | ||
| 100 |
_94901 _a Webster, John. |
||
| 245 |
_aThe Duchess of Malfi : _bJohn Webster |
||
| 250 | _a1st Edn. | ||
| 260 |
_aNew Delhi _bMacmillan _cc1980 |
||
| 300 |
_a[xxx],156p. : _b18 cm |
||
| 650 | 0 |
_91994 _aEnglish Literature |
|
| 700 |
_95064 _aJohn Webster |
||
| 856 |
_k0 _l0 _yDownload |
||
| 942 |
_2ddc _cBK |
||
| 999 |
_c6879 _d6879 |
||